| 000 | 00623nam a22002052 4500 | ||
|---|---|---|---|
| 001 | 0000011826 | ||
| 005 | 20151217160125.0 | ||
| 008 | 090112s xx 000 0 eng d | ||
| 040 |
_aKABU _cKABU |
||
| 100 | 1 |
_aFoster, Genevieve. _@0000167845 |
|
| 245 | 1 | 4 |
_aThe World of Captain John Smith / _cGenevieve Foster. |
| 250 | _a1st ed. | ||
| 260 |
_aNew York : _bScribner, _c1959. |
||
| 300 | _a406 p. | ||
| 600 | 1 | 0 |
_aSmith, John, _d1580-1631. _@0000167846 |
| 650 | 0 |
_aHistory, Modern _y17th century. _@0000167847 |
|
| 852 | 1 | _9p500 KES | |
| 908 | _a090112 | ||
| 950 | _@1 | ||
| 999 |
_c14630 _d14630 |
||